[Event "AUT-chT2M 2324"]
[Site "Austria"]
[Date "2024.03.17"]
[Round "8.5"]
[White "Gruskovnjak, Tomislav"]
[Black "Meyer, Gordon"]
[Result "0-1"]
[WhiteElo "2281"]
[BlackElo "2114"]
[PlyCount "74"]
[EventDate "2023.11.03"]
[EventType "team-tourn"]
[EventRounds "11"]
[EventCountry "AUT"]
[SourceTitle "CBM 219 Extra"]
[Source "ChessBase"]
[SourceDate "2024.05.31"]
[SourceVersion "1"]
[SourceVersionDate "2024.05.31"]
[SourceQuality "1"]
[WhiteTeam "Gamlitz"]
[BlackTeam "Steyregg"]
[WhiteTeamCountry "AUT"]
[BlackTeamCountry "AUT"]

1. d4 Nf6 2. Nc3 d5 3. Bf4 a6 4. e3 e6 5. Nf3 c5 6. Be2 b5 7. a3 Nc6 8. 0-0 Bd6 9. Ne5 Bxe5 10. Bxe5 Nxe5 11. dxe5 Nd7 12. f4 0-0 13. Bf3 Qc7 14. Ne2 Bb7 15. Qd2 Rac8 16. Ng3 Rfd8 17. Rad1 a5 18. Rf2 b4 19. Qc1 bxa3 20. bxa3 Nb6 21. Be2 d4 22. exd4 cxd4 23. Bd3 Nc4 24. Bxc4 Qxc4 25. f5 d3 26. Qg5 h6 27. Qe7 Qg4 28. Rdf1 d2 29. fxe6 d1Q 30. exf7+ Kh7 31. Qxb7 Qdd4 32. Qb1 Rb8 33. Qe1 Qe6 34. Qxa5 Qxf7 35. c3 Qfxf2+ 36. Rxf2 Rb1+ 37. Nf1 Rxf1+ 0-1

[Event "AUT-chT2M 2223"]
[Site "Austria"]
[Date "2023.03.03"]
[Round "7.2"]
[White "Meyer, Gordon"]
[Black "Hiermann, Dietmar"]
[Result "0-1"]
[WhiteElo "2190"]
[BlackElo "2158"]
[PlyCount "75"]
[EventDate "2022.09.30"]
[EventType "team-tourn"]
[EventRounds "11"]
[EventCountry "AUT"]
[SourceTitle "CBM 213 Extra"]
[Source "ChessBase"]
[SourceDate "2023.05.31"]
[SourceVersion "1"]
[SourceVersionDate "2023.05.31"]
[SourceQuality "1"]
[WhiteTeam "Steyregg"]
[BlackTeam "Sauwald"]
[WhiteTeamCountry "AUT"]
[BlackTeamCountry "AUT"]

1. d4 d5 2. Nc3 Nf6 3. Bf4 e6 4. e3 a6 5. Nf3 Bd7 6. a3 c5 7. Ne5 Nc6 8. Be2 Nxe5 9. Bxe5 Rc8 10. 0-0 Be7 11. dxc5 Bxc5 12. e4 dxe4 13. b4 Be7 14. Bxf6 gxf6 15. Nxe4 Bc6 16. Qxd8+ Rxd8 17. Bd3 f5 18. Nd2 Rg8 19. f3 Ba4 20. Nc4 Bf6 21. Rae1 Bd4+ 22. Kh1 Kd7 23. Ne5+ Ke7 24. f4 Kf6 25. Re2 h6 26. Rf3 Rc8 27. Rh3 Rgd8 28. Rxh6+ Kg7 29. Rh3 Rc3 30. Rg3+ Kf6 31. h4 Rxa3 32. h5 Ra2 33. Kh2 Ra1 34. Bc4 Rh8 35. Rg5 Bxe5 36. Rxe5 Bxc2 37. b5 Ra4 38. Bxe6 0-1

[Event "AUT-chT2M 2223"]
[Site "Austria"]
[Date "2022.10.22"]
[Round "5.5"]
[White "Meyer, Gordon"]
[Black "Moser, Guenter"]
[Result "1/2-1/2"]
[WhiteElo "2190"]
[BlackElo "2253"]
[PlyCount "85"]
[EventDate "2022.09.30"]
[EventType "team-tourn"]
[EventRounds "11"]
[EventCountry "AUT"]
[SourceTitle "EXT 2024"]
[Source "ChessBase"]
[SourceDate "2023.10.10"]
[SourceVersion "1"]
[SourceVersionDate "2023.10.10"]
[SourceQuality "1"]
[WhiteTeam "Steyregg"]
[BlackTeam "Ansfelden Union"]
[WhiteTeamCountry "AUT"]
[BlackTeamCountry "AUT"]

1. d4 Nf6 2. Nc3 d5 3. Bf4 c6 4. e3 Bf5 5. f3 e6 6. g4 Bg6 7. h4 h5 8. g5 Nfd7 9. Nh3 Qb6 10. Na4 Qa5+ 11. c3 b5 12. Nc5 Bxc5 13. dxc5 e5 14. Bg3 Qd8 15. Be2 Qe7 16. b4 a5 17. a4 axb4 18. cxb4 bxa4 19. Rxa4 Rxa4 20. Qxa4 0-0 21. 0-0 Re8 22. Rc1 Rc8 23. Qa7 f6 24. Qb7 Qd8 25. f4 Rc7 26. Qa8 Rc8 27. gxf6 gxf6 28. fxe5 Nxe5 29. Nf4 Nbd7 30. Qa2 Ra8 31. Qb3 Qe8 32. b5 Bf7 33. bxc6 Nxc6 34. Nxd5 Qe4 35. Bc4 Na5 36. Nxf6+ Nxf6 37. Bxf7+ Kg7 38. Qe6 Ra6 39. c6 Rxc6 40. Rxc6 Nxc6 41. Qxe4 Nxe4 42. Bd5 Nxg3 43. Bxc6 1/2-1/2

[Event "AUT-chT2M 2223"]
[Site "Austria"]
[Date "2022.10.21"]
[Round "4.5"]
[White "Tadic, Branko"]
[Black "Meyer, Gordon"]
[Result "1-0"]
[WhiteElo "2455"]
[BlackElo "2190"]
[PlyCount "55"]
[EventDate "2022.09.30"]
[EventType "team-tourn"]
[EventRounds "11"]
[EventCountry "AUT"]
[SourceTitle "EXT 2024"]
[Source "ChessBase"]
[SourceDate "2023.10.10"]
[SourceVersion "1"]
[SourceVersionDate "2023.10.10"]
[SourceQuality "1"]
[WhiteTeam "Pinggau Friedberg"]
[BlackTeam "Steyregg"]
[WhiteTeamCountry "AUT"]
[BlackTeamCountry "AUT"]

1. Nf3 Nf6 2. c4 g6 3. g3 Bg7 4. Bg2 0-0 5. 0-0 d6 6. d4 Nc6 7. Nc3 a6 8. Bd2 Rb8 9. Rc1 Bd7 10. b3 b5 11. d5 b4 12. dxc6 bxc3 13. cxd7 cxd2 14. Qxd2 Nxd7 15. Nd4 Rb6 16. Nc6 Qe8 17. Qa5 e6 18. Rfd1 Kh8 19. b4 Qc8 20. a4 f5 21. e3 f4 22. exf4 e5 23. c5 dxc5 24. Bh3 Rf7 25. Nxe5 Bxe5 26. fxe5 Re7 27. bxc5 Rb2 28. Qc3 1-0

[Event "AUT-chT2M 2223"]
[Site "Austria"]
[Date "2022.10.02"]
[Round "3.5"]
[White "Meyer, Gordon"]
[Black "Sonnberger, Thomas"]
[Result "1-0"]
[WhiteElo "2190"]
[BlackElo "2208"]
[PlyCount "83"]
[EventDate "2022.09.30"]
[EventType "team-tourn"]
[EventRounds "11"]
[EventCountry "AUT"]
[SourceTitle "CBM 210 Extra"]
[Source "ChessBase"]
[SourceDate "2022.11.30"]
[SourceVersion "1"]
[SourceVersionDate "2022.11.30"]
[SourceQuality "1"]
[WhiteTeam "Steyregg"]
[BlackTeam "Gleisdorf"]
[WhiteTeamCountry "AUT"]
[BlackTeamCountry "AUT"]

1. e4 c6 2. d4 d5 3. exd5 cxd5 4. c4 Nc6 5. Nf3 Nf6 6. Nc3 Bg4 7. cxd5 Nxd5 8. Qb3 Bxf3 9. gxf3 e6 10. Qxb7 Nxd4 11. Bb5+ Nxb5 12. Qc6+ Ke7 13. Qxb5 Nxc3 14. Qc5+ Qd6 15. Qxc3 f6 16. Be3 Kf7 17. Rd1 Qb4 18. Rd7+ Kg6 19. Ke2 Qxc3 20. bxc3 a6 21. Rb1 Kf5 22. Rbb7 g5 23. a4 h5 24. h3 Ba3 25. Rb3 Bf8 26. a5 e5 27. Rb6 Ba3 28. Rf7 Rh6 29. h4 Rg8 30. hxg5 Rxg5 31. Bxg5 Kxg5 32. Rg7+ Kf4 33. Rg3 h4 34. Rh3 e4 35. Rxa6 exf3+ 36. Rxf3+ Kg5 37. Ra8 f5 38. a6 Bc5 39. Rg8+ Kf6 40. Rf8+ Ke6 41. R8xf5 Bb6 42. Rb5 1-0

[Event "AUT-chT2M 2223"]
[Site "Austria"]
[Date "2022.10.01"]
[Round "2.5"]
[White "Krumphals, Friedrich"]
[Black "Meyer, Gordon"]
[Result "1/2-1/2"]
[WhiteElo "2219"]
[BlackElo "2190"]
[PlyCount "36"]
[EventDate "2022.09.30"]
[EventType "team-tourn"]
[EventRounds "11"]
[EventCountry "AUT"]
[SourceTitle "CBM 210 Extra"]
[Source "ChessBase"]
[SourceDate "2022.11.30"]
[SourceVersion "1"]
[SourceVersionDate "2022.11.30"]
[SourceQuality "1"]
[WhiteTeam "Gamlitz"]
[BlackTeam "Steyregg"]
[WhiteTeamCountry "AUT"]
[BlackTeamCountry "AUT"]

1. c4 c5 2. Nf3 Nf6 3. d4 e6 4. d5 exd5 5. cxd5 d6 6. Nc3 g6 7. e4 a6 8. h3 Bg7 9. a4 0-0 10. Bd3 Re8 11. 0-0 c4 12. Bc2 Nbd7 13. Qe2 Qc7 14. Be3 Rb8 15. Ba7 Ra8 16. Be3 Rb8 17. Ba7 Ra8 18. Be3 Rb8 1/2-1/2

[Event "AUT-chT2M 2122"]
[Site "Austria"]
[Date "2022.03.26"]
[Round "8.4"]
[White "Meyer, Gordon"]
[Black "Supancic, Darko"]
[Result "0-1"]
[WhiteElo "2193"]
[BlackElo "2272"]
[PlyCount "70"]
[EventDate "2021.10.01"]
[EventType "team-tourn"]
[EventRounds "11"]
[EventCountry "AUT"]
[SourceTitle "EXT 2023"]
[Source "ChessBase"]
[SourceDate "2022.10.05"]
[SourceVersion "1"]
[SourceVersionDate "2022.10.05"]
[SourceQuality "1"]
[WhiteTeam "Steyregg"]
[BlackTeam "Frauental"]
[WhiteTeamCountry "AUT"]
[BlackTeamCountry "AUT"]

1. e4 c5 2. Nf3 Nc6 3. d4 cxd4 4. Nxd4 g6 5. Nc3 Bg7 6. Be3 Nf6 7. Be2 0-0 8. Nb3 d6 9. f4 b6 10. g4 Bb7 11. g5 Nd7 12. Qd2 Nc5 13. 0-0-0 Rc8 14. Rhf1 Bxc3 15. Qxc3 Nxe4 16. Qe1 Qc7 17. Bd3 d5 18. Nd4 Nxd4 19. Bxd4 Ba6 20. Kb1 Bxd3 21. cxd3 Nc5 22. Qh4 Ne6 23. Be5 Qc2+ 24. Ka1 Ng7 25. Bxg7 Kxg7 26. f5 gxf5 27. Qd4+ Kg8 28. Qxd5 e6 29. Qe5 Rfd8 30. d4 Rd5 31. Qf6 Rcd8 32. h4 Qe2 33. g6 hxg6 34. Rde1 Qg4 35. h5 Qxd4 0-1

[Event "AUT-chT2M 2122"]
[Site "Austria"]
[Date "2021.10.01"]
[Round "1.5"]
[White "Meyer, Gordon"]
[Black "Hiermann, Dietmar"]
[Result "0-1"]
[WhiteElo "2193"]
[BlackElo "2171"]
[PlyCount "82"]
[EventDate "2021.10.01"]
[EventType "team-tourn"]
[EventRounds "11"]
[EventCountry "AUT"]
[SourceTitle "CBM 204 Extra"]
[Source "ChessBase"]
[SourceDate "2021.11.30"]
[SourceVersion "1"]
[SourceVersionDate "2021.11.30"]
[SourceQuality "1"]
[WhiteTeam "Steyregg"]
[BlackTeam "Sauwald"]
[WhiteTeamCountry "AUT"]
[BlackTeamCountry "AUT"]

1. c4 e6 2. e4 d5 3. cxd5 exd5 4. exd5 Nf6 5. Bb5+ Bd7 6. Bc4 Bd6 7. Qe2+ Qe7 8. Qxe7+ Bxe7 9. Nc3 a6 10. Nge2 b5 11. Bb3 0-0 12. a4 b4 13. Nd1 Bc8 14. Ne3 Bb7 15. d4 a5 16. Nf5 Re8 17. Bg5 Bd8 18. d6 Nbd7 19. Rc1 Ba6 20. Be3 cxd6 21. Nxd6 Rf8 22. Rc2 Be7 23. Nf5 Bd8 24. Nd6 Be7 25. Bf4 Bxd6 26. Bxd6 Rfe8 27. Kd1 Ne4 28. Bg3 Bd3 29. Nf4 Bxc2+ 30. Bxc2 Ndf6 31. Ne2 Nxg3 32. hxg3 h6 33. Nc1 Ra7 34. Nb3 h5 35. Re1 Kf8 36. Bd3 Ree7 37. Kd2 Rxe1 38. Kxe1 Ke7 39. Bc4 Ne4 40. Nc1 Rc7 41. b3 Nd6 0-1

[Event "AUT-chT2M 2021"]
[Site "Graz"]
[Date "2021.03.12"]
[Round "1.1"]
[White "Meyer, Gordon"]
[Black "Bauer, Sebastian"]
[Result "0-1"]
[WhiteElo "2216"]
[BlackElo "2280"]
[PlyCount "72"]
[EventDate "2021.03.12"]
[EventType "team-tourn"]
[EventRounds "5"]
[EventCountry "AUT"]
[SourceTitle "CBM 201 Extra"]
[Source "ChessBase"]
[SourceDate "2021.05.31"]
[SourceVersion "1"]
[SourceVersionDate "2021.05.31"]
[SourceQuality "1"]
[WhiteTeam "Steyregg"]
[BlackTeam "St Veit"]
[WhiteTeamCountry "AUT"]
[BlackTeamCountry "AUT"]

1. e4 e5 2. Bc4 Nf6 3. d3 Nc6 4. Nf3 Bc5 5. 0-0 d6 6. c3 a5 7. Re1 0-0 8. Bg5 h6 9. Bh4 g5 10. Bg3 Ba7 11. Qd2 Nh5 12. Na3 Qf6 13. Nb5 Bb6 14. d4 Bg4 15. Re3 Nf4 16. Bxf4 gxf4 17. Rd3 Rae8 18. Re1 Kh8 19. Kh1 Rg8 20. Ng1 Qg6 21. f3 Bc8 22. a3 a4 23. Ba2 Qh5 24. Qc2 Bd7 25. Rd2 exd4 26. Nxd4 Nxd4 27. cxd4 Ba5 28. Red1 Bxd2 29. Rxd2 Rc8 30. Ne2 Rxg2 31. Kxg2 Qh3+ 32. Kf2 Qxh2+ 33. Ke1 Qh4+ 34. Ng3 fxg3 35. Ke2 g2 36. Qc1 Bb5+ 0-1

[Event "AUT-chT2M 1920"]
[Site "Austria"]
[Date "2020.01.12"]
[Round "9.3"]
[White "Meyer, Gordon"]
[Black "Gaertner, Markus"]
[Result "1-0"]
[WhiteElo "2211"]
[BlackElo "2139"]
[PlyCount "57"]
[EventDate "2019.10.11"]
[EventType "team-tourn"]
[EventRounds "11"]
[EventCountry "AUT"]
[SourceTitle "CBM 194 Extra"]
[Source "ChessBase"]
[SourceDate "2020.03.31"]
[SourceVersion "1"]
[SourceVersionDate "2020.03.31"]
[SourceQuality "1"]
[WhiteTeam "Steyregg"]
[BlackTeam "Nettingsdorf/Traun"]
[WhiteTeamCountry "AUT"]
[BlackTeamCountry "AUT"]

1. e4 e5 2. Bc4 Nf6 3. d3 c6 4. Nf3 d5 5. Bb3 Bd6 6. exd5 cxd5 7. Bg5 Bg4 8. h3 Bh5 9. Nc3 Bb4 10. 0-0 Bxc3 11. bxc3 h6 12. Bxf6 gxf6 13. Qe2 Nc6 14. Qe3 Qd7 15. Ba4 Rg8 16. Bxc6 Qxc6 17. Nxe5 Qxc3 18. Nc6+ Kd7 19. Nd4 Rg5 20. Rab1 Re5 21. Qf4 b6 22. Rb3 Qc5 23. Qxf6 Rae8 24. Qf4 Qd6 25. Nb5 Qg6 26. d4 Rg8 27. Rg3 Rg5 28. Rxg5 Qxg5 29. Qd6+ 1-0

[Event "AUT-chT2M 1920"]
[Site "Austria"]
[Date "2020.01.11"]
[Round "8.3"]
[White "Mayerhofer, Peter"]
[Black "Meyer, Gordon"]
[Result "0-1"]
[WhiteElo "2174"]
[BlackElo "2211"]
[PlyCount "90"]
[EventDate "2019.10.11"]
[EventType "team-tourn"]
[EventRounds "11"]
[EventCountry "AUT"]
[SourceTitle "CBM 194 Extra"]
[Source "ChessBase"]
[SourceDate "2020.03.31"]
[SourceVersion "1"]
[SourceVersionDate "2020.03.31"]
[SourceQuality "1"]
[WhiteTeam "Freistadt/Wartberg"]
[BlackTeam "Steyregg"]
[WhiteTeamCountry "AUT"]
[BlackTeamCountry "AUT"]

1. e4 c5 2. d4 cxd4 3. c3 Nf6 4. e5 Nd5 5. Nf3 Nc6 6. Bc4 Nb6 7. Bb3 g6 8. 0-0 Bg7 9. cxd4 0-0 10. Bf4 d5 11. exd6 Bg4 12. dxe7 Qxe7 13. Be3 Rad8 14. h3 Bxf3 15. Qxf3 Nxd4 16. Bxd4 Rxd4 17. Nc3 Nc4 18. Qe2 Qxe2 19. Nxe2 Re4 20. Nc3 Bxc3 21. bxc3 Rc8 22. Rfe1 Rxe1+ 23. Rxe1 Kf8 24. Rd1 Ke7 25. Kf1 Nd6 26. Rd3 Ne4 27. Bd5 Nxc3 28. Bxb7 Rc7 29. Bd5 Nxd5 30. Rxd5 Rc1+ 31. Ke2 Rc2+ 32. Rd2 Rxd2+ 33. Kxd2 Kd6 34. Kc2 Kc5 35. Kc3 g5 36. g3 h5 37. f3 a5 38. h4 gxh4 39. gxh4 Kd5 40. Kd3 Ke5 41. Ke3 Kf5 42. a4 Ke5 43. Kd3 Kd5 44. Ke3 Kc4 45. Kf4 Kb4 0-1

[Event "AUT-chT2M 1920"]
[Site "Austria"]
[Date "2019.11.10"]
[Round "6.3"]
[White "Breneis, Lukas"]
[Black "Meyer, Gordon"]
[Result "1-0"]
[WhiteElo "2240"]
[BlackElo "2211"]
[PlyCount "67"]
[EventDate "2019.10.11"]
[EventType "team-tourn"]
[EventRounds "11"]
[EventCountry "AUT"]
[SourceTitle "CBM 192 Extra"]
[Source "Chessbase"]
[SourceDate "2019.11.06"]
[SourceVersion "1"]
[SourceVersionDate "2019.11.06"]
[SourceQuality "1"]
[WhiteTeam "St Valentin"]
[BlackTeam "Steyregg"]
[WhiteTeamCountry "AUT"]
[BlackTeamCountry "AUT"]

1. e4 c5 2. Nf3 Nc6 3. d4 cxd4 4. Nxd4 Nf6 5. Nc3 d6 6. Bc4 e6 7. Be3 Be7 8. Qe2 a6 9. a4 0-0 10. 0-0 Qc7 11. f4 Bd7 12. Nb3 Rac8 13. Bd3 Nb4 14. g4 e5 15. g5 Ng4 16. f5 Nxe3 17. Qxe3 Bd8 18. a5 Bc6 19. g6 d5 20. Qh3 h6 21. gxf7+ Rxf7 22. Nc5 Qe7 23. Ne6 Qh4 24. Qg2 dxe4 25. Nxe4 Nxd3 26. cxd3 Bd5 27. Rac1 Bxe6 28. fxe6 Rxf1+ 29. Rxf1 Bxa5 30. Qg6 Kh8 31. e7 Qxe7 32. Rf7 Rc1+ 33. Kg2 Rc2+ 34. Kf3 1-0

[Event "AUT-chT2M 1920"]
[Site "Austria"]
[Date "2019.10.12"]
[Round "2.3"]
[White "Huber, Martin Christian"]
[Black "Meyer, Gordon"]
[Result "1-0"]
[WhiteElo "2343"]
[BlackElo "2211"]
[PlyCount "63"]
[EventDate "2019.10.11"]
[EventType "team-tourn"]
[EventRounds "11"]
[EventCountry "AUT"]
[SourceTitle "CBM 192 Extra"]
[Source "Chessbase"]
[SourceDate "2019.11.06"]
[SourceVersion "1"]
[SourceVersionDate "2019.11.06"]
[SourceQuality "1"]
[WhiteTeam "Graz Schachfreunde"]
[BlackTeam "Steyregg"]
[WhiteTeamCountry "AUT"]
[BlackTeamCountry "AUT"]

1. d4 d5 2. c4 e6 3. Nc3 c5 4. cxd5 exd5 5. Nf3 Nc6 6. g3 Nf6 7. Bg2 Be7 8. 0-0 0-0 9. Bf4 a6 10. Rc1 Be6 11. dxc5 Bxc5 12. Ne5 Ba7 13. Nxc6 bxc6 14. Na4 Qa5 15. b3 c5 16. Bd6 Rfc8 17. Nc3 Re8 18. Be5 Nd7 19. Bf4 Rad8 20. Nxd5 Bxd5 21. Qxd5 Nf6 22. Qc4 Rd4 23. Qc2 Nd5 24. Bxd5 Rxd5 25. Rfd1 Rxd1+ 26. Rxd1 h6 27. Be3 Qb4 28. Rd2 Bb6 29. Qf5 Rf8 30. Rd7 Qe1+ 31. Kg2 g6 32. Qf3 1-0

[Event "Vienna op"]
[Site "Vienna"]
[Date "2019.08.18"]
[Round "2"]
[White "Meyer, Gordon"]
[Black "Janzelj, Tim"]
[Result "1/2-1/2"]
[WhiteElo "2225"]
[BlackElo "2435"]
[PlyCount "147"]
[EventDate "2019.08.17"]
[EventType "swiss"]
[EventRounds "9"]
[EventCountry "AUT"]
[SourceTitle "EXT 2020"]
[Source "ChessBase"]
[SourceDate "2019.10.17"]
[SourceVersion "1"]
[SourceVersionDate "2019.10.17"]
[SourceQuality "1"]

1. e4 c5 2. Nf3 e6 3. d4 cxd4 4. Nxd4 a6 5. c4 Nf6 6. Nc3 Qc7 7. Nc2 Be7 8. Be2 0-0 9. 0-0 d6 10. Be3 b6 11. Rc1 Bb7 12. f3 Nbd7 13. Qe1 Rac8 14. Qf2 Bd8 15. Rfd1 Qb8 16. Kh1 Bc7 17. Qg1 Rfe8 18. Bf1 h5 19. b4 h4 20. Ne1 Qa8 21. Rc2 Bb8 22. Na4 b5 23. cxb5 Rxc2 24. Nxc2 axb5 25. Bxb5 Rc8 26. Ne1 d5 27. Qf2 Bd6 28. exd5 Bxd5 29. Qxh4 Rb8 30. Nc3 Ne5 31. a4 Be7 32. Qg3 Ng6 33. Nxd5 Nxd5 34. Bc6 Qxc6 35. Qxb8+ Kh7 36. b5 Qc4 37. Bg1 Qe2 38. Rb1 Nc3 39. Rc1 Qd2 40. Rxc3 Qxc3 41. Bf2 Qc4 42. Kg1 Nf4 43. Qe5 Ne2+ 44. Kh1 Nc3 45. Qe3 g6 46. Qd3 Qb4 47. Qd4 Qb3 48. b6 Nd5 49. a5 Qb5 50. Nd3 Bf6 51. Qe4 Qxa5 52. b7 Qb5 53. Nc5 Be7 54. Qd3 Qb2 55. Qd4 Qb1+ 56. Bg1 Bxc5 57. Qxc5 Qxb7 58. h3 Qb1 59. Qf2 Kg8 60. Kh2 Qf5 61. Qh4 Qe5+ 62. Qg3 Nf4 63. Bf2 f6 64. Be1 Qf5 65. Bd2 e5 66. Bxf4 Qxf4 67. Qxf4 exf4 68. g3 fxg3+ 69. Kxg3 Kg7 70. Kg4 Kh6 71. f4 f5+ 72. Kh4 g5+ 73. fxg5+ Kg6 74. Kg3 1/2-1/2

[Event "AUT-chT2M 1718"]
[Site "Austria"]
[Date "2018.02.11"]
[Round "9.6"]
[White "Rieger, Robert"]
[Black "Meyer, Gordon"]
[Result "0-1"]
[WhiteElo "2299"]
[BlackElo "2180"]
[PlyCount "60"]
[EventDate "2017.10.27"]
[EventType "team-tourn"]
[EventRounds "11"]
[EventCountry "AUT"]
[SourceTitle "EXT 2019"]
[Source "ChessBase"]
[SourceDate "2018.10.10"]
[SourceVersion "1"]
[SourceVersionDate "2018.10.10"]
[SourceQuality "1"]
[WhiteTeam "Maria Saal II"]
[BlackTeam "Steyregg"]
[WhiteTeamCountry "AUT"]
[BlackTeamCountry "AUT"]

1. d4 Nf6 2. c4 g6 3. Nc3 Bg7 4. e4 d6 5. h3 0-0 6. Bg5 Na6 7. Nf3 h6 8. Be3 e5 9. d5 Nc5 10. Nd2 Ne8 11. g4 a5 12. a3 a4 13. Bxc5 dxc5 14. Nxa4 Qe7 15. Nc3 f5 16. gxf5 gxf5 17. Rg1 Ra6 18. Qe2 Kh8 19. 0-0-0 fxe4 20. Ncxe4 Bf5 21. Qe3 h5 22. Bd3 Bh6 23. Qe2 Bxe4 24. Bxe4 Qh4 25. Rg3 Nd6 26. Bd3 e4 27. Bc2 Nf5 28. Rgg1 Nd4 29. Qxe4 Nb3+ 30. Kb1 Nxd2+ 0-1

[Event "BCF-chT3 1112 (4NCL)"]
[Site "England"]
[Date "2012.05.06"]
[Round "10.107"]
[White "Waterfield, John"]
[Black "Meyer, Gordon"]
[Result "0-1"]
[WhiteElo "2020"]
[BlackElo "2155"]
[PlyCount "28"]
[EventDate "2011.11.12"]
[EventType "team-swiss"]
[EventRounds "11"]
[EventCountry "ENG"]
[SourceTitle "EXT 2013"]
[Source "ChessBase"]
[SourceDate "2012.11.22"]
[SourceVersion "1"]
[SourceVersionDate "2012.11.22"]
[SourceQuality "1"]
[WhiteTeam "Gloucestershire Gambits"]
[BlackTeam "Guildford III"]
[WhiteTeamCountry "ENG"]
[BlackTeamCountry "ENG"]

1. e4 c5 2. Nf3 d6 3. c3 Nf6 4. Be2 Bd7 5. d3 Bc6 6. 0-0 Nbd7 7. h3 e6 8. Bf4 Be7 9. e5 dxe5 10. Nxe5 Nxe5 11. Bxe5 Qd5 12. Bf3 Qxe5 13. Bxc6+ bxc6 14. Qa4 0-0 0-1

[Event "BCF-chT3S 1112 (4NCL)"]
[Site "England"]
[Date "2012.01.15"]
[Round "4.2"]
[White "Wagner, Guy"]
[Black "Meyer, Gordon"]
[Result "0-1"]
[WhiteElo "1885"]
[BlackElo "2155"]
[PlyCount "46"]
[EventDate "2011.11.12"]
[EventType "team-swiss"]
[EventRounds "6"]
[EventCountry "ENG"]
[SourceTitle "EXT 2013"]
[Source "ChessBase"]
[SourceDate "2012.11.22"]
[SourceVersion "1"]
[SourceVersionDate "2012.11.22"]
[SourceQuality "1"]
[WhiteTeam "Celtic Tigers II"]
[BlackTeam "Guildford III"]
[WhiteTeamCountry "ENG"]
[BlackTeamCountry "ENG"]

1. d4 Nf6 2. Nf3 g6 3. Nc3 d5 4. Bf4 a6 5. e3 Bg7 6. Be2 0-0 7. Ne5 c5 8. h4 cxd4 9. exd4 h5 10. Qd2 Nc6 11. 0-0-0 Bf5 12. f3 Rc8 13. g4 hxg4 14. fxg4 Ne4 15. Nxc6 Rxc6 16. Nxe4 Bxe4 17. c3 Qa5 18. a3 Rfc8 19. Rh3 Qa4 20. Re3 Qb3 21. Bf3 Bxd4 22. Be5 Rxc3+ 23. Rxc3 Rxc3+ 0-1

[Event "BCF-chTb 1112 (4NCL)"]
[Site "England"]
[Date "2011.11.12"]
[Round "1.6"]
[White "Meyer, Gordon"]
[Black "Bellin, Robert"]
[Result "0-1"]
[WhiteElo "2155"]
[BlackElo "2355"]
[PlyCount "96"]
[EventDate "2011.11.12"]
[EventType "team-tourn"]
[EventRounds "7"]
[EventCountry "ENG"]
[SourceTitle "EXT 2013"]
[Source "ChessBase"]
[SourceDate "2012.11.22"]
[SourceVersion "1"]
[SourceVersionDate "2012.11.22"]
[SourceQuality "1"]
[WhiteTeam "Guildford II"]
[BlackTeam "Cheddleton"]
[WhiteTeamCountry "ENG"]
[BlackTeamCountry "ENG"]

1. e4 c5 2. Nf3 Nc6 3. d4 cxd4 4. Nxd4 Nf6 5. Nc3 d6 6. Bg5 Bd7 7. Qd2 a6 8. 0-0-0 e6 9. Nb3 b5 10. Bd3 Be7 11. f4 h6 12. h4 b4 13. Ne2 Qb6 14. Bxf6 Bxf6 15. g4 a5 16. g5 Be7 17. Kb1 a4 18. Nbc1 h5 19. g6 Ra7 20. gxf7+ Kxf7 21. e5 dxe5 22. fxe5 Nxe5 23. Rdf1+ Bf6 24. Qg5 Ng4 25. Qg6+ Kf8 26. Rhg1 Rh6 27. Qe4 a3 28. b3 Qb7 29. Qc4 Kg8 30. Qc5 Ra8 31. Rf4 Rb8 32. Ng3 Qb6 33. Ne4 Qxc5 34. Nxc5 Bc8 35. Be2 Be7 36. N1d3 e5 37. Rc4 Rc6 38. Bxg4 Bxg4 39. Re1 Bxh4 40. Rxe5 Bf6 41. Rd5 Bc3 42. Nf2 Rf8 43. Nfd3 Rf1+ 44. Nc1 Rxc5 45. Rcxc5 Bb2 46. Rc8+ Bxc8 47. Rd8+ Kh7 48. Rh8+ Kxh8 0-1

[Event "BCF-chT2 1011 (4NCL)"]
[Site "England"]
[Date "2011.03.27"]
[Round "8.33"]
[White "Tozer, Philip AA"]
[Black "Meyer, Gordon"]
[Result "0-1"]
[WhiteElo "2151"]
[BlackElo "2166"]
[PlyCount "84"]
[EventDate "2010.11.06"]
[EventType "team-swiss"]
[EventRounds "11"]
[EventCountry "ENG"]
[SourceTitle "EXT 2012"]
[Source "ChessBase"]
[SourceDate "2011.11.24"]
[SourceVersion "1"]
[SourceVersionDate "2011.11.24"]
[SourceQuality "1"]
[WhiteTeam "Anglian Avengers"]
[BlackTeam "Guildford A&DC II"]
[WhiteTeamCountry "ENG"]
[BlackTeamCountry "ENG"]

1. c4 g6 2. g3 Bg7 3. Bg2 Nf6 4. Nc3 0-0 5. e4 d6 6. Nge2 c6 7. 0-0 Be6 8. d3 Qc8 9. Nf4 Bg4 10. f3 Bd7 11. d4 c5 12. d5 Na6 13. Be3 Nc7 14. a4 b6 15. Nd3 e5 16. b4 Nfe8 17. Qd2 f5 18. a5 Rf7 19. Ra3 b5 20. bxc5 dxc5 21. cxb5 Nd6 22. Raa1 Nc4 23. Qe2 Nxb5 24. Nxb5 Bxb5 25. Bxc5 Nb2 26. Qxb2 Bxd3 27. Rfc1 fxe4 28. fxe4 Bh6 29. Rc3 Qa6 30. Rd1 Be2 31. Re1 Bb5 32. Rb3 Be8 33. Ra1 Rc8 34. Rb8 Rxc5 35. Rxe8+ Bf8 36. Qxe5 Qe2 37. Qe6 Rc2 38. Qh3 Qe3+ 39. Kh1 Rc1+ 40. Rxc1 Qxc1+ 41. Bf1 Rxf1+ 42. Kg2 Rf7 0-1

[Event "BCF-chT2 1011 (4NCL)"]
[Site "England"]
[Date "2011.01.16"]
[Round "4.53"]
[White "Holland, James P"]
[Black "Meyer, Gordon"]
[Result "1/2-1/2"]
[WhiteElo "2110"]
[BlackElo "2166"]
[PlyCount "20"]
[EventDate "2010.11.06"]
[EventType "team-swiss"]
[EventRounds "11"]
[EventCountry "ENG"]
[SourceTitle "EXT 2012"]
[Source "ChessBase"]
[SourceDate "2011.11.24"]
[SourceVersion "1"]
[SourceVersionDate "2011.11.24"]
[SourceQuality "1"]
[WhiteTeam "AMCA Dragons"]
[BlackTeam "Guildford A&DC II"]
[WhiteTeamCountry "ENG"]
[BlackTeamCountry "ENG"]

1. d4 Nf6 2. c4 g6 3. g3 Bg7 4. Bg2 0-0 5. Nc3 d6 6. Nf3 Nc6 7. 0-0 a6 8. Qd3 Nb4 9. Qd2 Nc6 10. Qd3 Nb4 1/2-1/2